000
00298nam a2200121Ia 4500
008
220216s9999 xx 000 0 und d
100
_a
Ridley H N
245
0
_a
Evolution of the rubber industry
260
_b
IRI Transactions
_c
1955
300
_a
114-122
650
_a
Rubber industry
942
_c
JS
999
_c
59063
_d
59063